Transforming China : (Record no. 26900)

MARC details
000 -LEADER
campo de control de longitud fija 01662cam a2200277 4500
001 - NÚMERO DE CONTROL
campo de control 26021
005 - FECHA Y HORA DE LA ÚLTIMA TRANSACCIÓN
campo de control 20230410103836.0
008 - DATOS DE LONGITUD FIJA--INFORMACIÓN GENERAL
campo de control de longitud fija 060907s2004 enk eng
020 ## - NÚMERO INTERNACIONAL ESTÁNDAR DEL LIBRO
Número Internacional Estándar del Libro 1813311232
035 ## - NÚMERO DE CONTROL DEL SISTEMA
-- funglode26218
041 ## - CÓDIGO DE IDIOMA
Código de lengua del texto/banda sonora o título independiente eng
050 14 - SIGNATURA TOPOGRÁFICA DE LA BIBLIOTECA DEL CONGRESO
Número de clasificación 408 DS 779.26
Número de ítem N789t 2004
082 00 - NÚMERO DE LA CLASIFICACIÓN DECIMAL DEWEY
Número de clasificación 951.05
100 1# - ENTRADA PRINCIPAL--NOMBRE DE PERSONA
Nombre de persona Nolan, Peter,
Fechas asociadas al nombre 1949-
245 10 - MENCIÓN DEL TÍTULO
Título Transforming China :
Resto del título globalization, transition and development /
Mención de responsabilidad, etc. Peter Nolan
246 30 - FORMA VARIANTE DEL TITULO
Título propio/Titulo breve Globalization, transition, and development
260 ## - PUBLICACIÓN, DISTRIBUCIÓN, ETC.
Lugar de publicación, distribución, etc. London :
Nombre del editor, distribuidor, etc. Anthem Press,
Fecha de publicación, distribución, etc. 2004
300 ## - DESCRIPCIÓN FÍSICA
Extensión vi, 333 p. ;
Dimensiones 24 cm.
440 #0 - MENCIÓN DE SERIE/PUNTO DE ACCESO ADICIONAL--TÍTULO
Título Anthem studies in political economy and globalization
505 0# - NOTA DE CONTENIDO CON FORMATO
Nota de contenido con formato The starting point of liberalization : China and the former USSR on the eve of reform -- China's new development path : towards capitalist markets, market socialism or bureaucratic market muddle? -- Politics, planning, and the transition from Stalinism : the case of China -- Democratization, human rights and economic reform : the case of China and Russia -- Beyond privatization : institutional innovation and growth in China's large state-owned enterprises (with Wang Xiaoqiang) -- China and the global business revolution -- The challenge of globalization for large Chinese firms (with Zhang Jin) -- The causation and prevention of famines : a critique of AK Sen -- Epilogue : Adam Smith and the contradictions of the free market economy : a note.
651 #0 - PUNTO DE ACCESO ADICIONAL DE MATERIA--NOMBRE GEOGRÁFICO
Nombre geográfico China
Subdivisión general Politics and government
Subdivisión cronológica 1976-2002.
651 #0 - PUNTO DE ACCESO ADICIONAL DE MATERIA--NOMBRE GEOGRÁFICO
Nombre geográfico China
Subdivisión general Economic conditions
Subdivisión cronológica 1976-2000.
651 #4 - PUNTO DE ACCESO ADICIONAL DE MATERIA--NOMBRE GEOGRÁFICO
Nombre geográfico China
Subdivisión general Política y gobierno
Subdivisión cronológica 1976-2002.
651 #4 - PUNTO DE ACCESO ADICIONAL DE MATERIA--NOMBRE GEOGRÁFICO
Nombre geográfico China
Subdivisión general Condiciones económicas
Subdivisión cronológica 1976-2000.
942 ## - ELEMENTOS DE ENTRADA SECUNDARIOS (KOHA)
Fuente del sistema de clasificación o colocación Clasificación de Library of Congress
Tipo de ítem Koha
Holdings
Estatus retirado Estado de pérdida Fuente del sistema de clasificación o colocación Estado de daño No para préstamo Colección Biblioteca de origen Biblioteca actual Ubicación en estantería Fecha de adquisición Serial enumeration / chronology Signatura topográfica completa Código de barras Visto por última vez Copia número Tipo de ítem Koha
    Clasificación de Library of Congress     Recursos Regionales Biblioteca Juan Bosch Biblioteca Juan Bosch Recursos Regionales (2do. Piso) 23/10/2018 1 408 DS 779.26 N789t 2004 00000026700 23/10/2018 1